Arctic Monkeys Lyrics - Body Paint - Statistics

General Stats
  • This quiz has been taken 118 times
  • The average score is 196 of 231
Answer Stats
Lyrics % Correct
I
100%
a
99%
and
99%
And
99%
you
99%
You
99%
body
97%
paint
97%
your
97%
of
96%
on
96%
On
96%
the
96%
to
96%
arms
94%
legs
93%
be
91%
face
91%
in
91%
lie
90%
trace
90%
Do
88%
master
88%
So
88%
Still
88%
still
88%
yourself
88%
made
87%
you're
87%
bed
86%
deception
86%
For
84%
know
84%
quite
84%
what
84%
there's
83%
There's
83%
thinking
83%
you've
83%
don't
81%
Don't
81%
time
81%
I'm
80%
me
80%
It
78%
it
78%
My
78%
my
78%
crying
77%
predictable,
77%
subterfuge
77%
travelling
77%
are
75%
sun
75%
catch
74%
ha
74%
if
74%
let
72%
booth
71%
probably
71%
tanning
70%
through
70%
costume
67%
knees
67%
long
67%
up
67%
weak
67%
won't
67%
as
65%
have
65%
keeping
65%
tears
65%
teeth
65%
with
65%
from
64%
hiding
64%
something
64%
that
64%
coming
62%
cover
62%
feel
62%
mountain
62%
move
62%
beating
61%
every
61%
watching
61%
wiring
61%
Yeah
61%
calling
59%
head
59%
It's
59%
shoot
59%
tool
59%
writing
59%
behind
58%
gone
58%
into
58%
peak
58%
Straight
58%
mean
57%
can
54%
poke
54%
Ooh,
29%
No matching quizzes found
Score Distribution
Percent of People with Each Score
Percentile by Number Answered
Your Score History
You have not taken this quiz